Learners's library (DVD only) (Record no. 1395510)

MARC details
000 -LEADER
fixed length control field 00483nam a2200181Ia 4500
005 - DATE AND TIME OF LATEST TRANSACTION
control field 20250508165513.0
008 - FIXED-LENGTH DATA ELEMENTS--GENERAL INFORMATION
fixed length control field 008 250505s9999 xx 000 0 hin d
037 ## - SOURCE OF ACQUISITION
Stock number Textual
040 ## - CATALOGING SOURCE
Original cataloging agency FEDL
Language of cataloging eng
Transcribing agency FEDL
041 ## - LANGUAGE CODE
Language code of text/sound track or separate title hin
Source of code hin
084 ## - COLON CLASSIFICATION NUMBER
Classification number 372.21, EKL
Assigning agency FEDL
245 #0 - TITLE STATEMENT
Title Learners's library (DVD only)
245 #0 - TITLE STATEMENT
Statement of responsibility, etc. Eklavya
260 ## - PUBLICATION, DISTRIBUTION, ETC.
Place of publication, distribution, etc. Bhopal, India
Name of publisher, distributor, etc. Eklavya Prakashan
365 ## - TRADE PRICE
Price type code INR
Price amount 100
942 ## - ADDED ENTRY ELEMENTS (KOHA)
Koha item type Textual
Classification part 372.21, EKL
Holdings
Withdrawn status Lost status Damaged status Not for loan Home library Current library Date acquired Cost, normal purchase price Total Checkouts Full call number Barcode Date last seen Price effective from Koha item type
        Department of Education Library Department of Education Library 2025-05-08 100.00   372.21, EKL EL0089148 2025-05-08 2025-05-08 Textual
Copyright @ Delhi University Library System